Dictionnaire francais-espagnol
Gorde:
| Egile Nagusiak: | , , , , |
|---|---|
| Formatua: | Liburua |
| Hizkuntza: | frantsesa gaztelania |
| Argitaratua: |
París
Larousse
1991
|
| Saila: | Collection Saturne
|
| Gaiak: | |
| Etiketak: |
Etiketa erantsi
Etiketarik gabe, Izan zaitez lehena erregistro honi etiketa jartzen!
|
MARC
| LEADER | 00000nam a2200000 a 4500 | ||
|---|---|---|---|
| 001 | UCI6478 | ||
| 003 | CL-VaPUC | ||
| 008 | 080509e19910000FR |||||||||||||||||fre|d | ||
| 020 | |a 2034513231 | ||
| 041 | 0 | 7 | |a fre |2 CL-VaPUC |
| 041 | 0 | 7 | |a spa |2 CL-VaPUC |
| 082 | 0 | 4 | |a 443.61 |b GAR |2 21 |
| 100 | |a García-Pelayo y Gross, Ramón |e author |9 544819 | ||
| 700 | 0 | |a Testas, Jean |e author |9 529403 | |
| 700 | 0 | |a Durand, Micheline |e author |9 529404 | |
| 700 | |a García-Pelayo y Gross, Fernando |e author |9 529405 | ||
| 700 | 0 | |a Vidal, Jean-Paul |e author |9 529406 | |
| 245 | 1 | 0 | |a Dictionnaire francais-espagnol |
| 300 | |a 976 p | ||
| 942 | |c BK | ||
| 945 | |d 20080509 00:00:00 |a cmena | ||
| 260 | |a París |b Larousse |c 1991 | ||
| 650 | 7 | |a FRANCES |2 CL-VaPUC |9 259059 | |
| 650 | 0 | |a Español |9 255372 | |
| 650 | 0 | |a Diccionarios |9 256200 | |
| 583 | |a last modification |c 20160824 03:13:04 |k Rodrigo Vera | ||
| 490 | 0 | |a Collection Saturne | |
| 999 | |c 329974 |d 329972 | ||
| 952 | |0 0 |1 0 |4 0 |6 443_610000000000000_GAR_1991 |7 0 |8 ? |9 415240 |a BIBEDU |b BIBEDU |d 2019-11-22 |i 2109603 |o 443.61 GAR 1991 |p 2109603 |r 2019-11-22 |w 2019-11-22 |y BK |k LIT | ||